La araucana

Guardado en:
Detalles Bibliográficos
Autor principal: Ercilla y Zúñiga, Alonso de (autor)
Formato: Libro
Lenguaje:español
Publicado: Santiago Universitaria 1976
Edición:4a. ed
Colección:Escritores coloniales de Chile, 1
Materias:
Etiquetas: Agregar Etiqueta
Sin Etiquetas, Sea el primero en etiquetar este registro!

MARC

LEADER 00000nam a2200000 a 4500
001 UCH3804
003 CL-VaPUC
008 090818e19760000CL |||||||||||||||||spa|d
082 0 4 |a 861  |b ERC  |2 21 
100 |a Ercilla y Zúñiga, Alonso de   |e autor  |9 267605 
245 1 3 |a La araucana 
250 |a 4a. ed 
300 |a 180 p 
942 |c BK 
945 |d 20090818 00:00:00  |a lazolas 
260 |a Santiago  |b Universitaria  |c 1976 
650 0 |a Poesía épica española  |9 268761 
583 |a last modification  |c 20090818 00:00:00  |k Rodrigo Vera 
490 0 |a Escritores coloniales de Chile, 1 
999 |c 335233  |d 335231